Conduire - Louane (Paroles) - Statistiques

Statistiques générales
  • Ce quiz a été pris 16 fois
  • Le résultat moyen est 169 sur 326
Statistiques - réponses
Paroles % Correct
pas
100%
à
80%
a
80%
ça
80%
de
80%
J'ai
80%
j'ai
80%
Je
80%
je
80%
lui
80%
peur
80%
quand
80%
que
80%
arrière,
60%
avant
60%
bien
60%
botte
60%
conduire
60%
conduit
60%
contresens
60%
culotte
60%
des
60%
Et
60%
eu
60%
foire
60%
fout
60%
freiner
60%
Il
60%
il
60%
Le
60%
le
60%
les
60%
marche
60%
Me
60%
Parce
60%
Parfois
60%
peux
60%
plus
60%
portes
60%
pour
60%
Pour
60%
qui
60%
Qui
60%
sais
60%
s'en
60%
si
60%
ta
60%
t'arrache
60%
te
60%
tes
60%
tu
60%
va
60%
veux
60%
Au
40%
avec
40%
beau
40%
bourré
40%
cache
40%
casque
40%
cauchemars
40%
clés
40%
clés,
40%
comprends
40%
confonds
40%
copilote
40%
Désolée
40%
dire
40%
dis
40%
donc
40%
du
40%
Ensommeillée
40%
éveillée
40%
faire
40%
falloir
40%
genouillères,
40%
genre
40%
j'en
40%
j'espère
40%
J'espère
40%
j'peux
40%
l'airbag
40%
laisse
40%
l'instant,
40%
l'oreiller
40%
m'aimer
40%
mauvais
40%
Mets
40%
mets
40%
ne
40%
non,
40%
n'y
40%
partir
40%
prête
40%
qu'tu
40%
ralentir
40%
rien
40%
secoue,
40%
sortes,
40%
suis
40%
temps
40%
temps,
40%
ton
40%
tout
40%
un
40%
verrouille
40%
veut
40%
volant
40%
ai
20%
beaux
20%
chemin
20%
comme
20%
cri,
20%
d'hier
20%
dois
20%
d'rester
20%
d'un
20%
effrayé
20%
Encore
20%
entourée
20%
essayé
20%
fais
20%
fuir,
20%
J'fixe
20%
j'me
20%
j'reste
20%
J'reste
20%
klaxon,
20%
Même
20%
Merci
20%
mieux,
20%
m'offrir
20%
mon
20%
m'rassurer
20%
m'suivait
20%
n'cesses
20%
n'était
20%
n'sera
20%
on
20%
personne,
20%
pire,
20%
promis,
20%
qu'j'te
20%
qu'la
20%
rétro,
20%
rêvé
20%
sauvée
20%
sens
20%
son
20%
sourires
20%
surveillée
20%
t'gares,
20%
t'le
20%
trembler
20%
voulais
20%
bientôt
0%
laisser
0%
pourrai
0%
Aucun quiz correspondant
Distribution des résultats
% des personnes avec chaque résultat
Percentile par nombre de réponses
Votre historique - résultats
Vous n’avez pas pris ce quiz